Statistics for Country Anagrams

Click here to take the quiz!

General Stats

  • This quiz has been taken 19 times
  • The average score is 4 of 8

Answer Stats

Answer% Correct
Iran
72%
China
67%
Tonga
61%
Nepal
61%
Mali
50%
Spain
28%
Germany
11%
Algeria
6%

Score Distribution

Percentile by Number Answered

Percent of People with Each Score

Your Score History

You have not taken this quiz